Statistics for Every X-Men Member Ever

Click here to take the quiz!

General Stats

  • This quiz has been taken 72 times
  • The average score is 71 of 293

Answer Stats

HintAnswer% Correct
25Magneto
100%
86M/Penance
100%
15Wolverine
100%
2Cyclops
98%
1Professor X
98%
6Jean Grey
96%
17Storm
96%
5Beast
94%
3Iceman
92%
4Angel
90%
19Colossus
90%
51Mystique
88%
23Rogue
88%
14Nightcrawler
86%
93Deadpool
84%
39Cable
82%
30Gambit
78%
26Psylocke
78%
187Quicksilver
76%
16Banshee
72%
42Emma Frost
72%
9Havok
72%
21Kitty Pryde
72%
50Juggernaut
70%
60Sunspot
70%
95Toad
70%
31Jubilee
68%
8Polaris
68%
54Sabretooth
66%
77X-23
66%
32Bishop
64%
34 | 201Cannonball
62%
28Dazzler
62%
29Forge
60%
65Magik
60%
52Warpath
60%
18Sunfire
56%
20Thunderbird
56%
99Wolfsbane
56%
12Darwin
54%
83Blink
50%
62Magma
50%
104Multiple Man
50%
67Domino
48%
27Longshot
46%
37Marrow
46%
78Hope Summers
44%
49Husk
44%
74Warlock
44%
159Caliban
42%
73Cypher
42%
175Leech
42%
40Mirage
42%
84Morph
42%
66Namor
42%
81X-Man
42%
56Armor
40%
70Boom-Boom
40%
211Callisto
40%
44Chamber
40%
59Karma
40%
7Mimic
40%
48Northstar
40%
58Pixie
40%
13Vulcan
40%
22Lockheed
38%
171Shatterstar
38%
185Strong Guy
38%
195Captain Britain
36%
80Legion
36%
43Xorn
36%
199Changeling
34%
85Firestar
34%
209Ms. Marvel
34%
170Rictor
34%
61Aurora
32%
68Cloak
32%
69Dagger
32%
205Moira MacTaggert
32%
220Omega
32%
105Siryn
32%
109Beak
30%
75Fantomex
30%
35Joseph
30%
121Rockslide
30%
41Sage
30%
36Cecilia Reyes
28%
125Prodigy
28%
232Skin
28%
233Synch
28%
72Danger
26%
172Feral
26%
79Frenzy
26%
119Hellion
26%
57Hepzibah
26%
128Ink
26%
206Lilandra
26%
10Petra
26%
130Cipher
24%
110Dust
24%
118Elixir
24%
241Kid Omega
24%
53Lady Mastermind
24%
196Meggan
24%
11Sway
24%
189Wild Child
24%
133Bling!
22%
96Doop
22%
237Franklin Richards
22%
124Gentle
22%
142Glob Herman
22%
242No-Girl
22%
55Omega Sentinel
22%
162Puck
22%
47Slipstream
22%
269Spike
22%
122Surge
22%
155Tempus
22%
166Zero
22%
123Anole
20%
71Ariel
20%
236Artie
20%
87Dark Beast
20%
158Egg
20%
115Esme Cuckoo
20%
76E.V.A
20%
212Goblin Queen
20%
160Vanisher
20%
82Warbird
20%
126Blindfold
18%
111Celeste Cuckoo
18%
150Eye Boy
18%
90Gateway
18%
246Icarus
18%
140Kid Gladiator
18%
46Lifeguard
18%
38Magott
18%
120Mercury
18%
112Mindee Cuckoo
18%
143Oya
18%
145Primal
18%
24Rachel Grey
18%
163Spiral
18%
139Broo
16%
63Dr. Nemesis
16%
98Forget Me Not
16%
33Kwannon
16%
222Lila Cheney
16%
131Loa
16%
132Match
16%
234Mondo
16%
182Pete Wisdom
16%
113Phoebe Cuckoo
16%
252Quill
16%
200Revanche
16%
114Sophie Cuckoo
16%
45Stacy X
16%
247Wind Dancer
16%
266Aero
14%
181Bedlam
14%
193Butterfly
14%
168Firefist
14%
152Nature Girl
14%
231Nocturne
14%
106Omerta
14%
188Random
14%
151Shark-Girl
14%
250Tag
14%
146Transonic
14%
144Velocidad
14%
202Box
12%
244Ernst
12%
148Genesis
12%
127Graymalkin
12%
198Kylun
12%
134Onyxx
12%
190Shard
12%
169Skids
12%
149Sprite
12%
108Sunpyre
12%
156Triage
12%
248Wallflower
12%
129Wolf Cub
12%
208Captain Marvel
10%
176Copycat
10%
135Indra
10%
207Spider-Woman
10%
136Trance
10%
261Wing
10%
249Wither
10%
184Wiz-Kid
10%
107Wraith
10%
94Diamond Lil
8%
251Dryad
8%
117Forearm
8%
227Micromax
8%
259Network
8%
257Preview
8%
260Rubbermaid
8%
253Specter
8%
240Tattoo
8%
225Archer
6%
243Basilisk
6%
167Bird-Brain
6%
219Choir
6%
137Crosta
6%
161Deathlok
6%
256DJ
6%
245Dummy
6%
228Feron
6%
261Flubber
6%
235Gaia
6%
116Longneck
6%
203Phoenix Force
6%
239Redneck
6%
224Risque
6%
186Valerie Cooper
6%
223Adam X
4%
100Amanda Sefton
4%
157Benjamin Deeds
4%
226Cerise
4%
180Devil Dinosaur
4%
268Eosimias
4%
138Face
4%
191Fixx
4%
91Fiz
4%
192Greystone
4%
263Jeffrey Garrett
4%
258Kidogo
4%
97Kymera
4%
183MeMe
4%
179Moon Boy
4%
221Moon-Boy
4%
254Naiad
4%
101Sunder
4%
103Tom Corsi
4%
197Widget
4%
255Xenon
4%
293Amber
2%
174Artie Maddicks
2%
177Chance
2%
284Cryptid
2%
229Daytripper
2%
230Douglock
2%
165Dr. Kavita Rao
2%
92Evangeline Whedon
2%
277Gloom
2%
178Gomi
2%
173Gosamyr
2%
273Imp
2%
271Keratin
2%
291Lipid
2%
217Nekra
2%
238Phaser
2%
272Polymer
2%
141Quentin Quire
2%
280Saurus
2%
153Scorpion Boy
2%
102Sharon Friedlander
2%
278Silicon
2%
276Slick
2%
270Stalwart
2%
279Tantra
2%
204Unidentified Skrull
2%
288Viskid
2%
215Agent Brand
0%
218Barnell Bohusk
0%
88Candy Southern
0%
287Caput
0%
275Carter Ghazikhanian
0%
147Cerebella
0%
289Cudgel
0%
164Dr. Takiguchi
0%
290Elsewhere
0%
210Energizer
0%
89Katie Power
0%
216Korvus
0%
264Leong Coy Mahn
0%
64Madison Jeffries
0%
282Marie D'Ancanto
0%
154Marisol Guerra
0%
265Nga Coy Mahn
0%
267Pako
0%
194Pip the Troll
0%
214Pulse
0%
213Red Lotus
0%
274Ruth Durie
0%
292Seth Walker
0%
285Skylark
0%
283Spencer Bronson
0%
286Swift Wind
0%
281Walter Lambert
0%

Score Distribution

Percentile by Number Answered

Percent of People with Each Score

Your Score History

You have not taken this quiz